Znaki Interpunkcyjne - Statystyki

Ogólne statystyki
  • Ten quiz został rozwiązany 36 razy
  • Średni wynik to 8 z 10
Statystyki odpowiedzi
Znak Nazwa % Poprawnych
. kropka
100%
, przecinek
97%
? pytajnik / znak zapytania
97%
! wykrzyknik / znak wykrzyknienia
93%
: dwukropek
86%
- myślnik / pauza
86%
( nawias
86%
" cudzysłów
79%
; średnik
66%
... wielokropek
59%
Nie znaleziono quizów pasujących do podanych kryteriów
Rozkład punktacji
Procent ludzi z każdym wynikiem
Percentyl według liczby udzielonych odpowiedzi
Twoja historia wyników
Nie rozwiązałeś tego quizu